ბათუმის შოთა რუსთაველის სახელმწიფო უნივერსიტეტის ბიბლიოთეკა

Сборник задач по технологии и организации строительства. (ბიბ.ჩანაწერი № 47823)

000 -LEADER
fixed length control field 00819nam a2200229Ia 4500
001 - CONTROL NUMBER
control field 14697
003 - CONTROL NUMBER IDENTIFIER
control field GE_BSU
008 - FIXED-LENGTH DATA ELEMENTS--GENERAL INFORMATION
fixed length control field 181216s||||||||xx |||||||||||||| ||und||
040 ## - CATALOGING SOURCE
Transcribing agency GE_BSU
080 ## - UNIVERSAL DECIMAL CLASSIFICATION NUMBER
Universal Decimal Classification number 628.2
100 ## - MAIN ENTRY--PERSONAL NAME
Personal name Драченко,Б.Ф. Григоренко,В.Д. и др.
245 ## - TITLE STATEMENT
Title Сборник задач по технологии и организации строительства.
245 ## - TITLE STATEMENT
Remainder of title Учебн. пособие.
245 ## - TITLE STATEMENT
Statement of responsibility, etc. Под ред. Б.Ф.Драченко.
260 ## - PUBLICATION, DISTRIBUTION, ETC.
Place of publication, distribution, etc. М.
260 ## - PUBLICATION, DISTRIBUTION, ETC.
Name of publisher, distributor, etc. Будiвельник.
260 ## - PUBLICATION, DISTRIBUTION, ETC.
Date of publication, distribution, etc. 1969.
300 ## - PHYSICAL DESCRIPTION
Extent 304 стр. 22 см. с илл. Библиогр.: стр.300-302.
300 ## - PHYSICAL DESCRIPTION
Accompanying material Табл.
653 ## - INDEX TERM--UNCONTROLLED
Uncontrolled term Сборник задач по технологии и организации строительства.
942 ## - ADDED ENTRY ELEMENTS (KOHA)
Koha item type წიგნი
ეგზემპლარები
Withdrawn status Lost status Damaged status Not for loan Date acquired Barcode Date last seen Price effective from Koha item type
        2018-12-17 11707 2018-12-17 2018-12-17 წიგნი
        2018-12-17 11708 2018-12-17 2018-12-17 წიგნი